Bilder nach Buchstabe Ü - Statistiken

Allgemein
  • Dieses Quiz wurde 379 mal gespielt
  • Das Durchschnittsergebnis liegt bei 10 aus 12
Antwortstatistiken
Bildquiz Antwort % Korrekt
Überraschung
99%
Überholen
98%
Überfall
94%
übel
93%
übertreten
90%
Überbiss
87%
üben
84%
übergeben
84%
übersetzen
80%
übrig
67%
Übertrittszeugnis
56%
üppig
19%
Keine übereinstimmenden Quizze gefunden
Verteilung der Resultate
Anzahl Personen mit jedem Resultat
Perzentil nach korrekt beantworteten Fragen
Ihre Resultats-Entwicklung
Sie haben dieses Quiz noch nicht gespielt